[Event "Varazdinske Toplice op"]
[Site "Varazdinske Toplice"]
[Date "2022.12.26"]
[Round "1"]
[White "Friscic, Laura"]
[Black "Vrban, Mladen"]
[Result "0-1"]
[WhiteElo "1574"]
[BlackElo "2188"]
[PlyCount "104"]
[EventDate "2022.12.26"]
[EventType "swiss"]
[EventRounds "9"]
[EventCountry "CRO"]
[SourceTitle "CBM 211 Extra"]
[Source "ChessBase"]
[SourceDate "2023.01.31"]
[SourceVersion "1"]
[SourceVersionDate "2023.01.31"]
[SourceQuality "1"]

1. c4 f5 2. Nc3 Nf6 3. Nf3 d6 4. g3 e5 5. d3 c5 6. Bg2 Nc6 7. b3 g6 8. Bb2 Bg7 9. Rb1 0-0 10. 0-0 Rb8 11. e3 h6 12. Ne2 Qe8 13. Re1 b6 14. Nc3 Bb7 15. Nb5 Qe7 16. d4 e4 17. Nd2 a6 18. Na3 Rbd8 19. d5 Ne5 20. Re2 Bc8 21. Nc2 b5 22. Ba1 Bd7 23. Ne1 Rb8 24. Qc2 g5 25. h3 g4 26. h4 Nf3+ 27. Kh1 Rb7 28. Bf1 Rfb8 29. Nexf3 gxf3 30. Ree1 Ng4 31. Kg1 b4 32. Bxg7 Qxg7 33. Qb2 Ne5 34. Bh3 Rf8 35. Kf1 Rf6 36. Kg1 Rb8 37. Nf1 Nd3 38. Qd2 Nxe1 39. Rxe1 a5 40. Rb1 Ra8 41. Qb2 Rg6 42. Kh2 Qxb2 43. Rxb2 a4 44. Nd2 Ra7 45. Rb1 Kg7 46. Rb2 Kf6 47. Kg1 Rg8 48. Kf1 Rga8 49. Ke1 axb3 50. axb3 Ra1+ 51. Rb1 Rxb1+ 52. Nxb1 Ra1 0-1

[Event "Varazdinske Toplice op"]
[Site "Varazdinske Toplice"]
[Date "2022.12.26"]
[Round "3"]
[White "Havas, Juraj"]
[Black "Vrban, Mladen"]
[Result "0-1"]
[WhiteElo "2072"]
[BlackElo "2188"]
[PlyCount "71"]
[EventDate "2022.12.26"]
[EventType "swiss"]
[EventRounds "9"]
[EventCountry "CRO"]
[SourceTitle "CBM 211 Extra"]
[Source "ChessBase"]
[SourceDate "2023.01.31"]
[SourceVersion "1"]
[SourceVersionDate "2023.01.31"]
[SourceQuality "1"]

1. d4 g6 2. c4 f5 3. h4 h6 4. Nc3 Nf6 5. Nf3 d6 6. d5 e5 7. dxe6 Bxe6 8. Nd5 Bg7 9. g3 0-0 10. Bg2 c6 11. Nf4 Bf7 12. 0-0 d5 13. Ne5 dxc4 14. Nfxg6 Bxg6 15. Nxg6 Qxd1 16. Rxd1 Re8 17. Nf4 Nbd7 18. Bh3 Re5 19. Be3 Nb6 20. Bd4 Ra5 21. Bc3 Rb5 22. a4 Rc5 23. Bd4 Ra5 24. Bc3 Rxa4 25. Bxf5 Rxa1 26. Rxa1 Nbd5 27. Be6+ Kf8 28. Bxf6 Bxf6 29. Nxd5 cxd5 30. Bxd5 Bxb2 31. Bxb7 Re8 32. Rxa7 c3 33. Bd5 Rxe2 34. Rf7+ Ke8 35. Rc7 c2 36. Bb3 0-1

[Event "Varazdinske Toplice op"]
[Site "Varazdinske Toplice"]
[Date "2022.12.26"]
[Round "4"]
[White "Vrban, Mladen"]
[Black "Sliepcevic, Mladen"]
[Result "1-0"]
[WhiteElo "2188"]
[BlackElo "2124"]
[PlyCount "35"]
[EventDate "2022.12.26"]
[EventType "swiss"]
[EventRounds "9"]
[EventCountry "CRO"]
[SourceTitle "CBM 211 Extra"]
[Source "ChessBase"]
[SourceDate "2023.01.31"]
[SourceVersion "1"]
[SourceVersionDate "2023.01.31"]
[SourceQuality "1"]

1. f4 d5 2. Nf3 f5 3. g3 Nf6 4. Bg2 e6 5. 0-0 c5 6. d3 Nc6 7. c3 Bd6 8. Nbd2 Ng4 9. Nb3 b6 10. e4 dxe4 11. dxe4 Ba6 12. Re1 0-0 13. exf5 exf5 14. Qd5+ Kh8 15. Qxc6 c4 16. Nbd4 Bc5 17. h3 Rc8 18. Qa4 1-0

[Event "HUN-chT2 Asztalos 1718"]
[Site "Hungary"]
[Date "2017.12.03"]
[Round "3.1"]
[White "Vrban, Mladen"]
[Black "Kele, Karoly"]
[Result "1-0"]
[WhiteElo "2295"]
[BlackElo "2108"]
[PlyCount "133"]
[EventDate "2017.10.29"]
[EventType "team-tourn"]
[EventRounds "9"]
[EventCountry "HUN"]
[SourceTitle "EXT 2021"]
[Source "ChessBase"]
[SourceDate "2020.10.23"]
[SourceVersion "1"]
[SourceVersionDate "2020.10.23"]
[SourceQuality "1"]
[WhiteTeam "Nagyatad"]
[BlackTeam "Pecs Karmin"]
[WhiteTeamCountry "HUN"]
[BlackTeamCountry "HUN"]

1. e4 c5 2. Nf3 e6 3. d3 Nc6 4. g3 Nge7 5. Bg2 d5 6. Nc3 d4 7. Ne2 Ng6 8. 0-0 Bd6 9. Nd2 e5 10. Nc4 Bc7 11. a4 Be6 12. Na3 f6 13. f4 exf4 14. Nxf4 Nxf4 15. gxf4 Qe7 16. Bh3 0-0-0 17. Bxe6+ Qxe6 18. Qh5 b6 19. Rf3 g6 20. Qh3 Qxh3 21. Rxh3 h5 22. Rf3 Rdg8 23. Bd2 Rh7 24. Raf1 a6 25. Kf2 Kd7 26. Ke2 Bd8 27. h4 Rf7 28. Rg1 Ne7 29. Rfg3 Rgf8 30. b4 Bc7 31. bxc5 bxc5 32. Nc4 Rb8 33. R3g2 Rff8 34. Kf3 Rb7 35. Ba5 Bxa5 36. Nxa5 Rb4 37. Nc4 Ke6 38. a5 Rb5 39. Re1 Rd8 40. f5+ gxf5 41. Rg7 f4 42. Reg1 Nc6 43. R1g6 Nxa5 44. Rc7 Nxc4 45. dxc4 Rb6 46. Kxf4 d3 47. cxd3 Rxd3 48. Rgg7 Rh3 49. Rge7+ Kd6 50. Kf5 Rf3+ 51. Kg6 Rb4 52. Kf7 Rxc4 53. Rb7 Kc6 54. Rec7+ Kd6 55. Re7 Kc6 56. e5 Re4 57. e6 Rfe3 58. Ra7 Kb6 59. Reb7+ Ka5 60. e7 f5 61. Ra8 c4 62. e8Q Rxe8 63. Rxe8 Rxe8 64. Kxe8 c3 65. Rb3 Ka4 66. Rxc3 a5 67. Rf3 1-0

[Event "CRO-chT1A 26th"]
[Site "Mali Losinj"]
[Date "2017.10.02"]
[Round "5.25"]
[White "Bukal, Vladimir Jr"]
[Black "Vrban, Mladen"]
[Result "1-0"]
[WhiteElo "2397"]
[BlackElo "2295"]
[PlyCount "111"]
[EventDate "2017.09.28"]
[EventType "team-tourn"]
[EventRounds "9"]
[EventCountry "CRO"]
[SourceTitle "EXT 2018"]
[Source "ChessBase"]
[SourceDate "2017.10.13"]
[SourceVersion "1"]
[SourceVersionDate "2017.10.13"]
[SourceQuality "1"]
[WhiteTeam "Sesvete Sljeme"]
[BlackTeam "Koprivnica Podravka"]
[WhiteTeamCountry "CRO"]
[BlackTeamCountry "CRO"]

1. d4 f5 2. Bf4 Nf6 3. e3 e6 4. Nd2 Be7 5. h3 0-0 6. Bd3 d6 7. Ngf3 Nc6 8. c3 Kh8 9. Qe2 Qe8 10. g4 Nd5 11. Bh2 Bd8 12. 0-0-0 Qf7 13. Bc2 a5 14. e4 Nb6 15. e5 d5 16. Rdg1 Nc4 17. gxf5 Nxd2 18. Nxd2 exf5 19. Bf4 Be6 20. h4 Be7 21. h5 Nd8 22. Nf3 Bd7 23. e6 Qxe6 24. Ne5 Re8 25. Qd3 Kg8 26. Nxd7 Qxd7 27. Be5 Bf8 28. Bxg7 Bxg7 29. h6 Re7 30. Qh3 Ra6 31. Bxf5 Rxh6 32. Bxd7 Rxh3 33. Bxh3 Rf7 34. Rg2 Kf8 35. Bg4 Bf6 36. Rh5 c6 37. Bf5 h6 38. Kc2 Bg5 39. Bg4 Rf4 40. Rh3 Re4 41. f3 Rf4 42. Re2 b6 43. Re5 Nf7 44. Rf5 Rxf5 45. Bxf5 Ke7 46. Rh1 Kf6 47. Bg4 Bf4 48. a4 Nd6 49. Re1 Kg5 50. Rh1 Kg6 51. b3 Kf6 52. Kd3 c5 53. Rh5 Bg5 54. f4 Bxf4 55. dxc5 Ne4 56. Rf5+ 1-0

[Event "CRO-chT1A 26th"]
[Site "Mali Losinj"]
[Date "2017.09.30"]
[Round "3.15"]
[White "Vrban, Mladen"]
[Black "Jovanic, Ognjen"]
[Result "1/2-1/2"]
[WhiteElo "2295"]
[BlackElo "2490"]
[PlyCount "144"]
[EventDate "2017.09.28"]
[EventType "team-tourn"]
[EventRounds "9"]
[EventCountry "CRO"]
[SourceTitle "EXT 2018"]
[Source "ChessBase"]
[SourceDate "2017.10.13"]
[SourceVersion "1"]
[SourceVersionDate "2017.10.13"]
[SourceQuality "1"]
[WhiteTeam "Koprivnica Podravka"]
[BlackTeam "Rijeka Liburnija"]
[WhiteTeamCountry "CRO"]
[BlackTeamCountry "CRO"]

1. e4 c5 2. Nf3 e6 3. d4 cxd4 4. Nxd4 Nc6 5. Nc3 Qc7 6. Be2 a6 7. 0-0 Nf6 8. Be3 Be7 9. Kh1 d6 10. f4 0-0 11. Qe1 Nxd4 12. Bxd4 b5 13. e5 Ne8 14. Bd3 Bb7 15. Ne4 Qd8 16. Rd1 g6 17. c3 Bxe4 18. Bxe4 d5 19. Bf3 Ng7 20. g4 f6 21. Bg2 f5 22. g5 Kf7 23. Rd3 h6 24. gxh6 Nh5 25. Rh3 Rh8 26. Qe3 Rxh6 27. Bf3 Qh8 28. Bxd5 Rg8 29. Bg2 g5 30. fxg5 Rxg5 31. Rf2 Qg7 32. Kg1 Rhg6 33. Qf3 Nf4 34. Qxf4 Rxg2+ 35. Kf1 R6g4 36. Qf3 Rxf2+ 37. Qxf2 Re4 38. Qf3 Qg5 39. Qh5+ Qxh5 40. Rxh5 Kg7 41. Rh3 Bg5 42. Kf2 Bf4 43. Rh4 Kg6 44. Kf3 Kg5 45. Rg4+ fxg4+ 46. Kxe4 Bxh2 47. b3 Kg6 48. c4 bxc4 49. bxc4 Kf7 50. Be3 Bg3 51. Bf4 Bf2 52. Bg5 Ke8 53. Kf4 Bd4 54. Bf6 Kd7 55. Kxg4 Kc6 56. Kg5 Kc5 57. Be7+ Kxc4 58. Kf6 Kd5 59. Bd6 Bc3 60. a4 Ba5 61. Bb8 Bd8+ 62. Kf7 Bg5 63. Bd6 Be3 64. Bb8 Bc5 65. Kf6 Bb6 66. Kf7 Bd8 67. Bd6 Ba5 68. Bb8 Bc3 69. Kf6 Bd4 70. Bd6 Ba7 71. Kf7 Bd4 72. Kf6 Bc3 1/2-1/2

[Event "HUN-chT2 Asztalos 1415"]
[Site "Hungary"]
[Date "2014.12.14"]
[Round "4"]
[White "Horvath, Peter"]
[Black "Vrban, Mladen"]
[Result "1/2-1/2"]
[WhiteElo "2443"]
[BlackElo "2338"]
[PlyCount "240"]
[EventDate "2014.10.12"]
[EventType "team-tourn"]
[EventRounds "9"]
[EventCountry "HUN"]
[SourceTitle "EXT 2016"]
[Source "ChessBase"]
[SourceDate "2015.10.08"]
[SourceVersion "1"]
[SourceVersionDate "2015.10.08"]
[SourceQuality "1"]
[WhiteTeam "Pecs Karmin"]
[BlackTeam "Nagyatad"]
[WhiteTeamCountry "HUN"]
[BlackTeamCountry "HUN"]

1. d4 f5 2. c4 Nf6 3. g3 g6 4. Bg2 Bg7 5. Nf3 c6 6. 0-0 d6 7. Nc3 0-0 8. d5 e5 9. dxe6 Bxe6 10. b3 Re8 11. Bb2 Na6 12. Ng5 Nc7 13. Qc2 Qe7 14. Rad1 Rad8 15. Nxe6 Qxe6 16. e3 d5 17. cxd5 Nfxd5 18. Nxd5 Nxd5 19. Bxg7 Kxg7 20. b4 a6 21. a4 Kf7 22. b5 axb5 23. axb5 Ne7 24. Qc5 Rxd1 25. Rxd1 Qb3 26. Rd7 Qxb5 27. Qxb5 cxb5 28. Rxb7 Rc8 29. Rxb5 Rc1+ 30. Bf1 Ke6 31. Rb6+ Kf7 32. Kg2 Kg7 33. Be2 Nd5 34. Rb5 Ne7 35. Rb7 Kf6 36. Bf3 Rc2 37. h3 h5 38. Ra7 Rd2 39. Ra6+ Kg5 40. Re6 Rd7 41. e4 fxe4 42. Bxe4 Kh6 43. g4 hxg4 44. hxg4 Kg7 45. Kg3 Kf7 46. Ra6 Rd4 47. f3 g5 48. Kf2 Rb4 49. Ke3 Kg7 50. Rd6 Rb3+ 51. Kd4 Rb5 52. Bd3 Ra5 53. Re6 Rd5+ 54. Ke3 Rd7 55. Be4 Ra7 56. f4 gxf4+ 57. Kxf4 Ng8 58. g5 Rf7+ 59. Kg4 Re7 60. Rg6+ Kf7 61. Bf5 Re1 62. Ra6 Rg1+ 63. Kf4 Ne7 64. Be4 Rf1+ 65. Ke5 Rc1 66. Rf6+ Kg7 67. Rh6 Rg1 68. Rh7+ Kf8 69. Ke6 Rxg5 70. Rf7+ Kg8 71. Rxe7 Ra5 72. Bg6 Kf8 73. Rf7+ Kg8 74. Kf6 Ra6+ 75. Kg5 Ra1 76. Rf5 Kg7 77. Rf7+ Kg8 78. Re7 Kf8 79. Rb7 Ra6 80. Rf7+ Kg8 81. Kh6 Re6 82. Rd7 Kf8 83. Kg5 Re7 84. Rd6 Kg7 85. Bf5 Rc7 86. Rh6 Kf8 87. Re6 Rg7+ 88. Bg6 Re7 89. Ra6 Kg7 90. Bf5 Rc7 91. Rb6 Ra7 92. Rh6 Re7 93. Be6 Kf8 94. Kf6 Rf7+ 95. Ke5 Kg7 96. Rh1 Rf6 97. Bf5 Rf7 98. Rg1+ Kh8 99. Rg5 Rg7 100. Rh5+ Kg8 101. Be6+ Kf8 102. Kd6 Rg6 103. Rh7 Rf6 104. Kd7 Rf4 105. Bd5 Rf6 106. Be6 Rf4 107. Kd6 Rf2 108. Rh8+ Kg7 109. Rg8+ Kh7 110. Rg3 Re2 111. Ke7 Rf2 112. Bf7 Kh6 113. Rg6+ Kh7 114. Kf8 Rf4 115. Rg5 Rf6 116. Ra5 Rb6 117. Rf5 Ra6 118. Be8 Rb6 119. Rg5 Ra6 120. Bd7 Rf6+ 1/2-1/2

[Event "HUN-chT2 Asztalos 1415"]
[Site "Hungary"]
[Date "2014.11.16"]
[Round "2"]
[White "Horvath, Miklos"]
[Black "Vrban, Mladen"]
[Result "0-1"]
[WhiteElo "2229"]
[BlackElo "2338"]
[PlyCount "94"]
[EventDate "2014.10.12"]
[EventType "team-tourn"]
[EventRounds "9"]
[EventCountry "HUN"]
[SourceTitle "EXT 2016"]
[Source "ChessBase"]
[SourceDate "2015.10.08"]
[SourceVersion "1"]
[SourceVersionDate "2015.10.08"]
[SourceQuality "1"]
[WhiteTeam "Fehervar"]
[BlackTeam "Nagyatad"]
[WhiteTeamCountry "HUN"]
[BlackTeamCountry "HUN"]

1. Nf3 d6 2. c4 f5 3. d4 Nf6 4. Nc3 g6 5. Qc2 Bg7 6. e4 e6 7. h3 0-0 8. Be3 Nc6 9. a3 Qe7 10. Be2 Nxe4 11. Nxe4 fxe4 12. Qxe4 e5 13. g4 exd4 14. Qxe7 Nxe7 15. Nxd4 Nc6 16. Rd1 Nxd4 17. Bxd4 b6 18. 0-0 Bb7 19. Rd2 Rae8 20. Be3 Be5 21. Bh6 Bf4 22. Bxf4 Rxf4 23. Bd1 Kg7 24. b3 a5 25. a4 Kf6 26. Kh2 g5 27. Kg3 Re3+ 28. f3 Rc3 29. h4 h5 30. hxg5+ Kxg5 31. gxh5 Rg4+ 32. Kf2 Rh4 33. Rg1+ Kxh5 34. Rg7 Rh2+ 35. Rg2 Rxg2+ 36. Kxg2 Kg5 37. Kf2 Kf4 38. Rd4+ Ke5 39. Rd2 Kf4 40. Rd4+ Ke5 41. Rd2 d5 42. cxd5 Bxd5 43. f4+ Ke4 44. f5 Bxb3 45. Bg4 Kf4 46. Rd4+ Kg5 47. Ke2 Rc4 0-1

[Event "CRO-chT1B"]
[Site "Bol"]
[Date "2014.10.07"]
[Round "4.3"]
[White "Bender, Ivan"]
[Black "Vrban, Mladen"]
[Result "1/2-1/2"]
[WhiteElo "2301"]
[BlackElo "2338"]
[PlyCount "117"]
[EventDate "2014.10.04"]
[EventType "team-tourn"]
[EventRounds "9"]
[EventCountry "CRO"]
[SourceTitle "CBM 162 Extra"]
[Source "ChessBase"]
[SourceDate "2014.10.17"]
[SourceVersion "1"]
[SourceVersionDate "2014.10.17"]
[SourceQuality "1"]
[WhiteTeam "Dubrovnik"]
[BlackTeam "Koprivnica"]
[WhiteTeamCountry "CRO"]
[BlackTeamCountry "CRO"]

1. Nf3 f5 2. g3 Nf6 3. Bg2 g6 4. 0-0 Bg7 5. d4 0-0 6. b3 d6 7. Bb2 c6 8. Nbd2 Na6 9. a4 Nc7 10. a5 Be6 11. Nc4 Ncd5 12. Nfd2 b5 13. axb6 axb6 14. e4 Rxa1 15. Bxa1 fxe4 16. Nxe4 Nxe4 17. Bxe4 Bh3 18. Re1 b5 19. Ne3 e6 20. Qe2 Qg5 21. Ng2 Bg4 22. f3 Ra8 23. Bb2 Bh3 24. f4 Qd8 25. c4 bxc4 26. bxc4 Ne7 27. Qd2 d5 28. Bd3 Ra2 29. Bb1 Ra4 30. Ne3 dxc4 31. Qc2 Rb4 32. Ba3 Rb3 33. Bxe7 Qxe7 34. Qxc4 Qb4 35. Qxb4 Rxb4 36. Be4 Bxd4 37. Bxc6 Rb2 38. Bf3 h5 39. Be4 Kg7 40. Bf3 Kh6 41. Be4 g5 42. fxg5+ Kxg5 43. Kh1 Bxe3 44. Rxe3 Rf2 45. Re1 h4 46. Kg1 Ra2 47. Bf3 Ra5 48. Kf2 Bf5 49. g4 Ra2+ 50. Kg1 Bxg4 51. Bxg4 Kxg4 52. Rxe6 Ra1+ 53. Kg2 h3+ 54. Kf2 Rh1 55. Re4+ Kf5 56. Rh4 Rxh2+ 57. Kg3 Rh1 58. Rxh3 Rxh3+ 59. Kxh3 1/2-1/2

[Event "CRO-chT"]
[Site "Bol"]
[Date "2014.05.18"]
[Round "6.5"]
[White "Vrban, Mladen"]
[Black "Dumpor, Atif"]
[Result "1/2-1/2"]
[WhiteElo "2333"]
[BlackElo "2334"]
[PlyCount "165"]
[EventDate "2014.05.14"]
[EventType "team-swiss"]
[EventRounds "6"]
[EventCountry "CRO"]
[SourceTitle "CBM 160 Extra"]
[Source "ChessBase"]
[SourceDate "2014.07.01"]
[SourceVersion "1"]
[SourceVersionDate "2014.07.01"]
[SourceQuality "1"]
[WhiteTeam "Koprivnica Podravka"]
[BlackTeam "Kastel Stari"]
[WhiteTeamCountry "CRO"]
[BlackTeamCountry "CRO"]

1. f4 Nf6 2. Nf3 g6 3. g3 Bg7 4. Bg2 0-0 5. 0-0 d5 6. c3 c5 7. d3 Nc6 8. Na3 a6 9. Qe1 d4 10. Nc4 Be6 11. Nfe5 Nxe5 12. Nxe5 Bd5 13. e4 dxe3 14. Bxe3 Bxg2 15. Kxg2 Qc7 16. Bf2 Rfd8 17. Qe2 Rac8 18. a4 b6 19. Rfd1 Nd7 20. Nf3 Re8 21. d4 c4 22. Be1 e6 23. b4 Qc6 24. Kg1 Qd5 25. Qg2 Nf6 26. a5 b5 27. Ra2 Ne4 28. Rc2 h6 29. Rcc1 g5 30. Ne5 f5 31. Bd2 Bxe5 32. fxe5 Kg7 33. Rf1 Rcd8 34. Qf3 g4 35. Qg2 Ng5 36. Bxg5 hxg5 37. Qxd5 Rxd5 38. Kg2 Rh8 39. Rf2 Kg6 40. Kg1 Rd7 41. Rd1 Rh3 42. Rc1 Kf7 43. Rg2 Ke7 44. Kf2 Kd8 45. Ke3 Kc7 46. Rf1 Kc6 47. Kd2 Kd5 48. Kc2 Rdh7 49. Rff2 Rf7 50. Rg1 f4 51. Kc1 Rfh7 52. gxf4 Rxc3+ 53. Kd2 Rd3+ 54. Ke2 gxf4 55. Rxg4 Rxd4 56. h4 Kxe5 57. Kf3 Kf5 58. Rg5+ Kf6 59. Kg4 e5 60. Rg8 f3+ 61. Kxf3 Rf4+ 62. Ke3 Rhxh4 63. Rxf4+ Rxf4 64. Ra8 c3 65. Rxa6+ Kf5 66. Kd3 Rxb4 67. Kxc3 Ra4 68. Ra8 Ke4 69. a6 Kd5 70. a7 Kc6 71. Rc8+ Kb7 72. Rc5 Kb6 73. Rxe5 Rxa7 74. Kb3 Rh7 75. Re8 Rh3+ 76. Kb4 Rh4+ 77. Kb3 Kc5 78. Rc8+ Kd5 79. Rd8+ Kc6 80. Rc8+ Kb7 81. Rg8 Kb6 82. Rb8+ Kc5 83. Rc8+ 1/2-1/2

[Event "CRO-chT"]
[Site "Bol"]
[Date "2014.05.16"]
[Round "4.3"]
[White "Vrban, Mladen"]
[Black "Jovanovic, Zoran"]
[Result "0-1"]
[WhiteElo "2333"]
[BlackElo "2546"]
[PlyCount "80"]
[EventDate "2014.05.14"]
[EventType "team-swiss"]
[EventRounds "6"]
[EventCountry "CRO"]
[SourceTitle "CBM 160 Extra"]
[Source "ChessBase"]
[SourceDate "2014.07.01"]
[SourceVersion "1"]
[SourceVersionDate "2014.07.01"]
[SourceQuality "1"]
[WhiteTeam "Koprivnica Podravka"]
[BlackTeam "Rijeka Liburnija"]
[WhiteTeamCountry "CRO"]
[BlackTeamCountry "CRO"]

1. e4 d6 2. d4 Nf6 3. Nc3 e5 4. Nf3 Nbd7 5. Bc4 Be7 6. 0-0 0-0 7. Qe2 c6 8. a4 exd4 9. Nxd4 Re8 10. Bg5 h6 11. Bh4 Ne5 12. Nf5 Bxf5 13. exf5 Nxc4 14. Qxc4 d5 15. Qd3 Nd7 16. Bxe7 Qxe7 17. b3 Qe5 18. Rad1 Nc5 19. Qd4 Qxd4 20. Rxd4 a5 21. g4 Re5 22. Rfd1 Rae8 23. Kg2 Kf8 24. R1d2 Re1 25. f3 Na6 26. Rd1 Nb4 27. R4d2 R1e3 28. Nb1 Ke7 29. Kf2 Kf6 30. Rc1 h5 31. h3 h4 32. Rcd1 Kg5 33. Rf1 c5 34. Kg2 Kf4 35. Rff2 d4 36. Na3 Re1 37. Nc4 Rc1 38. Nxa5 Nd5 39. Nxb7 Ree1 40. Rfe2 Ne3+ 0-1

[Event "HUN-chT2 Asztalos 1314"]
[Site "Hungary"]
[Date "2013.09.22"]
[Round "2"]
[White "Arbutina, Sinisa"]
[Black "Vrban, Mladen"]
[Result "1/2-1/2"]
[WhiteElo "2281"]
[BlackElo "2352"]
[PlyCount "86"]
[EventDate "2013.09.08"]
[EventType "team-tourn"]
[EventRounds "9"]
[EventCountry "HUN"]
[SourceTitle "EXT 2016"]
[Source "ChessBase"]
[SourceDate "2015.10.08"]
[SourceVersion "1"]
[SourceVersionDate "2015.10.08"]
[SourceQuality "1"]
[WhiteTeam "Baja"]
[BlackTeam "Nagyatad"]
[WhiteTeamCountry "HUN"]
[BlackTeamCountry "HUN"]

1. d4 f5 2. c4 d6 3. Nc3 Nf6 4. f3 Nc6 5. e4 e5 6. d5 Ne7 7. Be3 c5 8. Bd3 f4 9. Bf2 g5 10. h3 h5 11. Qd2 Bh6 12. 0-0-0 Ng6 13. Kc2 g4 14. hxg4 hxg4 15. Nge2 Kf7 16. Nc1 Kg7 17. a3 g3 18. Be1 Bd7 19. b4 cxb4 20. axb4 a5 21. bxa5 Qxa5 22. Nb3 Ba4 23. Nxa4 Qxa4 24. Ra1 Qd7 25. Qb4 Rxa1 26. Nxa1 Rc8 27. Kb2 Bg5 28. Nb3 Nh4 29. Rg1 Qc7 30. Qb5 Nd7 31. Ba5 b6 32. Bc3 Nc5 33. Bc2 Be7 34. Nc1 Ra8 35. Ne2 Kf7 36. Bb4 Qa7 37. Kc3 Qa2 38. Bxc5 bxc5 39. Qd7 Ra3+ 40. Kd2 Qxc4 41. Qe6+ Kf8 42. Rb1 Ra8 43. Rb7 Re8 1/2-1/2

[Event "HUN-chT2 Asztalos 1314"]
[Site "Hungary"]
[Date "2013.09.08"]
[Round "1"]
[White "Vrban, Mladen"]
[Black "Kele, Karoly"]
[Result "1-0"]
[WhiteElo "2352"]
[BlackElo "2128"]
[PlyCount "41"]
[EventDate "2013.09.08"]
[EventType "team-tourn"]
[EventRounds "9"]
[EventCountry "HUN"]
[SourceTitle "EXT 2016"]
[Source "ChessBase"]
[SourceDate "2015.10.08"]
[SourceVersion "1"]
[SourceVersionDate "2015.10.08"]
[SourceQuality "1"]
[WhiteTeam "Nagyatad"]
[BlackTeam "Pecs Karmin"]
[WhiteTeamCountry "HUN"]
[BlackTeamCountry "HUN"]

1. e4 c5 2. Nf3 e6 3. d4 cxd4 4. Nxd4 Nc6 5. Nc3 Qc7 6. Be2 a6 7. 0-0 Nf6 8. Be3 Bb4 9. Na4 Bd6 10. f4 Nxe4 11. Nxc6 dxc6 12. Bb6 Qe7 13. Qd4 f5 14. Bh5+ Kf8 15. Rad1 Bd7 16. b4 Be8 17. Bf3 Bc7 18. Bxe4 Rd8 19. Qxd8 Bxd8 20. Bc5 fxe4 21. Rxd8 1-0

[Event "CRO-chT2 Center 22nd"]
[Site "Sisak"]
[Date "2013.04.28"]
[Round "5.1"]
[White "Kovacevic, Veljko"]
[Black "Vrban, Mladen"]
[Result "1/2-1/2"]
[WhiteElo "2223"]
[BlackElo "2344"]
[PlyCount "27"]
[EventDate "2013.04.14"]
[EventType "team-tourn"]
[EventRounds "11"]
[EventCountry "CRO"]
[SourceTitle "EXT 2016"]
[Source "ChessBase"]
[SourceDate "2015.10.08"]
[SourceVersion "1"]
[SourceVersionDate "2015.10.08"]
[SourceQuality "1"]

1. c4 f5 2. g3 Nf6 3. Bg2 g6 4. Nc3 Bg7 5. d4 0-0 6. Nh3 c6 7. 0-0 d6 8. d5 e5 9. Qb3 c5 10. Ng5 Qe7 11. Ne6 Rf7 12. Ng5 Rf8 13. Ne6 Rf7 14. Ng5 1/2-1/2